Encanto questions quiz - Statistics

General Stats
  • This quiz has been taken 71 times
  • The average score is 7 of 15
Answer Stats
Hint Answer % Correct
We don't ____ about Bruno. talk
100%
Who do we see first in the film? Mirabel
96%
Mirabelle or Mirabel? Mirabel
96%
What color are the butterflies? Yellow
93%
Camilo or Camillo? Camilo
88%
What is Abuela's real name? Alma
75%
Which animal do we see Agustin get hurt by? Bees
55%
How long was Bruno away? 10 years
41%
What is the sign for hope? Butterflies.
30%
What is the last line of the movie? "La familia Madrigal!"
18%
What does Isabela first say? "A little sisterly advice"
9%
What destroyed the house? Cracks
9%
What is another word for Bruno's power? Future
9%
When was Encanto released? November 24 2021
5%
What color do Pepa and her kids wear? orange and yellow
2%
No matching quizzes found
Score Distribution
Percent of People with Each Score
Percentile by Number Answered
Your Score History
You have not taken this quiz